| 000 | 00495nam a2200181Ia 4500 | ||
|---|---|---|---|
| 999 |
_c14903 _d14903 |
||
| 003 | OSt | ||
| 005 | 20201019113137.0 | ||
| 008 | 190216s9999||||xx |||||||||||||| ||und|| | ||
| 020 | _a9780670088898 | ||
| 040 | _coclc | ||
| 082 |
_a813.54 _bLAH/O |
||
| 100 |
_aLahiri, Jhumpa _95405 |
||
| 245 | 0 |
_aIn Other Words / _cJhumpa Lahiri |
|
| 260 |
_bPenguin Books , _c2015. _aLondon: |
||
| 300 | _a203p | ||
| 650 | _aEnglish | ||
| 942 |
_cBK _2ddc _h813.54 _iLAH/O _k813.54 _mLAH/O |
||